000 01268naa a22003017a 4500
001 BR9504330
003 BR-BrBNA
005 20250721155530.0
007 ta
008 250630b bl.|||m| |||| 00| 0 por d
040 _aBR-BrBNA
_bpor
_cBiblioteca Nacional de Agricultura
041 _a(Pt)
072 _aP34
_b3920
090 _aP34 BR9504330
100 1 _aAraujo, F.F. de
245 1 _aCultivo em escala comercial
500 _aManual de metodos empregados em estudos de microbiologia agricola Hungria, M.Araujo, R.S.(eds.) Brasilia, DF (Brasil): EMBRAPA. SPI, 1994. p. 149-155 [5 ref.] (BR9504330-AMS)
773 0 _tManual de metodos empregados em estudos de microbiologia agricola
_aHungria, M.; Araujo, R.S.(eds.). Centro Nacional de Pesquisa de Arroz e Feijao, Goiania, GO (Brasil)Centro Nacional de Pesquisa de Soja, Londrina, PR (Brasil)
_wP34 BR9504330
_gBrasilia, DF (Brasil), 1994. p. 149-155
650 _aInoculante
650 _aMeio de Cultura
650 _aProducao
650 _aArmazenamento
650 _aControle de Qualidade
650 _aComercializacao
490 _aDocumentos - Centro Nacional de Pesquisa de Arroz e Feijao (Brazil)
_vno. 46
_xISSN 0101-9716
942 _cAMS
_2AGRIS
909 _a202506
_bLúcia
_c55
_dLúcia Elande
999 _c337047
_d337047